Fundamentos de cuidados paliativos y control de síntomas. (Registro nro. 499)

Detalles MARC
000 -LEADER
fixed length control field 01207cam a2200313 a 4500
005 - FECHA ULTIMA MODIFICACION
control field 20240220134510.0
008 - CAMPO DE CONTROL (LIBRO)
fixed length control field 100707s2004||||ag a f |||| 00| 0 spa d
020 ## - INTERNATIONAL STANDARD BOOK NUMBER
ISBN 9872148805
041 ## - CODIGO DE IDIOMA
Código de idioma del texto/pista de sonido o título separado spa
092 ## - SIGNATURA TOPOGRAFICA DEWEY LOCAL
número de clasificación 372.1023
libristica 15
sección DES
100 1# - ENTRADA PRINCIPAL--NOMBRE PERSONAL
Nombre personal De Simone, Gustavo.
9 (RLIN) 1075
245 ## - TITULO PROPIAMENTE DICHO
Título Fundamentos de cuidados paliativos y control de síntomas.
Subtítulo y Título paralelo Manual para estudiantes de la carrera de medicina /
Mención de responsabilidad y remanente de la transcripción de la portada Gustavo De Simone.
250 ## - MENCION DE EDICION
Mención de edición 1a ed.
260 ## - PIE DE IMPRENTA
Lugar de publicación, distribución, etc Buenos Aires:
Nombre de la editorial, distribuidor, etc Pallium Latinoamericana;
Fecha de publicación 2004.
300 ## - DESCRIPCION FISICA
Extension 94 p.
Dimensiones 22x16 cm.
500 ## - NOTA GENERAL
Nota general De Simone, G. y Tripodoro, V. (2004). Fundamentos de cuidados paliativos y control de síntomas. Manual para estudiantes de la carrera de medicina. (1a ed.). Buenos Aires : Pallium Latinoamericana.
653 ## - TÉRMINO INDIZADO - PALABRAS CLAVES
Palabra clave Ciudados paliativos
653 ## - TÉRMINO INDIZADO - PALABRAS CLAVES
Palabra clave Comunicación y aspectos psicosociales
653 ## - TÉRMINO INDIZADO - PALABRAS CLAVES
Palabra clave Control de síntomas en cuidados paliativos
653 ## - TÉRMINO INDIZADO - PALABRAS CLAVES
Palabra clave Final de la vida: toma de decisiones
653 ## - TÉRMINO INDIZADO - PALABRAS CLAVES
Palabra clave Cuidado de los cuidadores
653 ## - TÉRMINO INDIZADO - PALABRAS CLAVES
Palabra clave Morir con dignidad: relato de una experiencia asistencial
700 1# - ENTRADAS SECUNDARIAS - NOMBRE PERSONAL
Nombre personal Tripodoro, Vilma.
9 (RLIN) 1076
930 ## - NUMERO DE INVENTARIO
Número de inventario 1269
930 ## - NUMERO DE INVENTARIO
Número de inventario 1270
930 ## - NUMERO DE INVENTARIO
Número de inventario 1271
930 ## - NUMERO DE INVENTARIO
Número de inventario 1272
942 ## - ADDED ENTRY ELEMENTS (KOHA)
Source of classification or shelving scheme Dewey Decimal Classification
Item type Libros
Existencias
Estado de retiro Existencia Fuente de clasificación Estado general No para prestamo Colección Ubicación permanente ubicación actual Sala de ubicación Fecha de adquisición Total Checkouts Número de clasificación Código de barras Date last seen Número de ejemplar Price effective from Koha tipo de elemento (item) Public note Total Renewals Date last borrowed
    Dewey Decimal Classification     Reference Biblioteca Medicina Biblioteca Medicina Referencia 13/05/2011   372.1023 15 DES 1269 06/11/2014 ej.1 13/05/2011 Reference LIBRO DE CONSULTA    
            Biblioteca Medicina Biblioteca Medicina Circulación 13/05/2011 2 372.1023 15 DES 1270 22/09/2015 ej.2 13/05/2011 Libros   1 16/09/2015
            Biblioteca Medicina Biblioteca Medicina Circulación 13/05/2011 1 372.1023 15 DES 1271 06/10/2016 ej.3 13/05/2011 Libros     05/10/2016
            Biblioteca Medicina Biblioteca Medicina Circulación 13/05/2011 1 372.1023 15 DES 1272 11/09/2015 ej.4 13/05/2011 Libros     09/09/2015

UNIVERSIDAD NACIONAL DEL COMAHUE
Biblioteca de la Facultad de Ciencias Médicas
Sede Toschi: Los Arrayanes y Av. Toschi, Cipolletti  - Rio Negro
Sede Los Tordos:  Yrigoyen al 2211, Cipolletti - Rio Negro 

Teléfono: 0299 - 4774707 int 25
Contacto: biblioteca@facimed.uncoma.edu.ar
© 2011 - 2026